Sector study 6: Housing associations and changes in rent (Record no. 68931)

MARC details
000 -LEADER
fixed length control field 00951cam a2200241 4500
001 - CONTROL NUMBER
control field ABS64801
008 - FIXED-LENGTH DATA ELEMENTS--GENERAL INFORMATION
fixed length control field 011126n2001 000 0 eng u
035 ## - SYSTEM CONTROL NUMBER
System control number (Sirsi) u115727
100 ## - MAIN ENTRY--PERSONAL NAME
Personal name Miller, C.
245 ## - TITLE STATEMENT
Title Sector study 6: Housing associations and changes in rent
260 ## - PUBLICATION, DISTRIBUTION, ETC.
Date of publication, distribution, etc. 2001
490 ## - SERIES STATEMENT
Series statement Roof
Volume/sequential designation 26(6) Nov/Dec 2001, (8)
520 ## - SUMMARY, ETC.
Summary, etc. Presents the Housing Corporation's fourth annual analysis of housing associations' performance in limiting rent increases. Tables and graphs. Further information on the Housing Corporation's Sector Studies series can be obtained from Siobhan McHugh on 020 7393 2024 or email [email protected]
590 ## - LOCAL NOTE (RLIN)
Local note ABS
650 ## - SUBJECT ADDED ENTRY--TOPICAL TERM
Topical term or geographic name entry element HOUSING ASSOCIATIONS
650 ## - SUBJECT ADDED ENTRY--TOPICAL TERM
Topical term or geographic name entry element RENT INCREASES
650 ## - SUBJECT ADDED ENTRY--TOPICAL TERM
Topical term or geographic name entry element HOUSING CORPORATION
650 ## - SUBJECT ADDED ENTRY--TOPICAL TERM
Topical term or geographic name entry element ALL ITEMS RETAIL PRICES INDEX
650 ## - SUBJECT ADDED ENTRY--TOPICAL TERM
Topical term or geographic name entry element STATISTICS
650 ## - SUBJECT ADDED ENTRY--TOPICAL TERM
Topical term or geographic name entry element PERFORMANCE STANDARDS
690 ## - LOCAL SUBJECT ADDED ENTRY--TOPICAL TERM (OCLC, RLIN)
Topical term or geographic name as entry element Affordable housing
9 (RLIN) 6215
942 ## - ADDED ENTRY ELEMENTS (KOHA)
Suppress in OPAC 0
Holdings
Withdrawn status Lost status Source of classification or shelving scheme Damaged status Not for loan Home library Current library Shelving location Date acquired Total Checkouts Full call number Barcode Date last seen Copy number Price effective from Koha item type
    Dewey Decimal Classification     London London Journal article 26/11/2001   ABS64801 115727-1001 06/08/2019 1 06/08/2019 Journal article